000
00301nam a2200145Ia 4500
100
_a
Jorgensen/Carolyn
942
_c
BK
654
_a
Mastering 1-2-3
245
_a
Mastering 1-2-3
260
_b
B.P.B.Pub.
_a
Delhi
_c
1986
082
_a
1.6
_b
Jor
300
_a
466
546
_a
ENGLISH
999
_c
24527
_d
24527